[Event "MSR2018s4"]
[Site "?"]
[Date "2018.04.25"]
[Round "7.1"]
[White "Cukerova, Livia"]
[Black "Haasova, Timea"]
[Result "1/2-1/2"]
[BlackElo "1203"]
[WhiteElo "1000"]
[LiveChessVersion "1.4.8"]

1. d4 {[%clk 1:30:56]} d5 {[%clk 1:31:24]} 2. Nf3 {[%clk 1:30:53]} Nc6
{[%clk 1:30:31]} 3. e3 {[%clk 1:30:39]} a6 {[%clk 1:29:15]} 4. Bd3
{[%clk 1:30:18]} Nf6 {[%clk 1:28:20]} 5. Nbd2 {[%clk 1:30:04]} b5
{[%clk 1:25:53]} 6. Qe2 {[%clk 1:29:26]} Bd7 {[%clk 1:19:42]} 7. e4
{[%clk 1:29:06]} dxe4 {[%clk 1:18:02]} 8. Nxe4 {[%clk 1:29:09]} Nxe4
{[%clk 1:18:03]} 9. Qxe4 {[%clk 1:29:19]} e6 {[%clk 1:16:27]} 10. c3
{[%clk 1:28:31]} g6 {[%clk 1:10:32]} 11. O-O {[%clk 1:26:08]} Bg7
{[%clk 1:09:00]} 12. Bf4 {[%clk 1:23:30]} f5 {[%clk 1:04:51]} 13. Qe3
{[%clk 1:22:20]} h6 {[%clk 1:00:08]} 14. Be5 {[%clk 1:13:30]} Nxe5
{[%clk 0:58:30]} 15. Nxe5 {[%clk 1:13:38]} Bxe5 {[%clk 0:53:13]} 16. Qxe5
{[%clk 1:13:43]} Rg8 {[%clk 0:51:26]} 17. d5 {[%clk 1:12:25]} Kf7
{[%clk 0:47:59]} 18. dxe6+ {[%clk 1:12:12]} Bxe6 {[%clk 0:47:58]} 19. Rad1
{[%clk 1:12:21]} Qe7 {[%clk 0:46:51]} 20. Rfe1 {[%clk 1:12:10]} Rae8
{[%clk 0:45:53]} 21. c4 {[%clk 1:06:13]} Bxc4 {[%clk 0:43:42]} 22. Bxc4+
{[%clk 1:06:26]} bxc4 {[%clk 0:43:39]} 23. Qd5+ {[%clk 1:06:11]} Qe6
{[%clk 0:42:29]} 24. Rxe6 {[%clk 1:06:29]} Rxe6 {[%clk 0:42:39]} 25. h3
{[%clk 1:05:45]} Kf6 {[%clk 0:41:46]} 26. Qxc4 {[%clk 1:04:12]} Rc8
{[%clk 0:40:22]} 27. Qc3+ {[%clk 1:00:40]} Kf7 {[%clk 0:40:25]} 28. Rd7+
{[%clk 0:57:53]} Re7 {[%clk 0:40:02]} 29. Rxe7+ {[%clk 0:57:47]} Kxe7
{[%clk 0:40:22]} 30. Kf1 {[%clk 0:57:12]} c5 {[%clk 0:38:52]} 31. Qg7+
{[%clk 0:49:48]} Kd6 {[%clk 0:38:30]} 32. Qxg6+ {[%clk 0:48:24]} Ke5
{[%clk 0:38:38]} 33. Qxh6 {[%clk 0:47:58]} c4 {[%clk 0:38:43]} 34. Qxa6
{[%clk 0:45:45]} Rc5 {[%clk 0:37:59]} 35. b4 {[%clk 0:44:41]} Rc7
{[%clk 0:37:33]} 36. Qa5+ {[%clk 0:43:33]} Kd6 {[%clk 0:37:51]} 37. Qxf5
{[%clk 0:42:50]} c3 {[%clk 0:38:01]} 38. Qc2 {[%clk 0:41:11]} Kd5
{[%clk 0:36:24]} 39. Ke1 {[%clk 0:40:05]} Re7+ {[%clk 0:34:33]} 40. Kd1
{[%clk 0:40:13]} Kc4 {[%clk 0:33:29]} 41. Qb1 {[%clk 0:39:00]} Rd7+
{[%clk 0:32:12]} 42. Kc1 {[%clk 0:38:55]} Rd2 {[%clk 0:30:15]} 43. Qb3+
{[%clk 0:34:44]} Kd3 {[%clk 0:29:34]} 44. Qb1+ {[%clk 0:29:25]} Kc4
{[%clk 0:26:42]} 45. a4 {[%clk 0:27:12]} Rxf2 {[%clk 0:25:40]} 46. a5
{[%clk 0:26:32]} Rf1+ {[%clk 0:25:27]} 47. Kc2 {[%clk 0:26:41]} Rf2+
{[%clk 0:25:18]} 48. Kc1 {[%clk 0:26:46]} Rf1+ {[%clk 0:25:24]} 49. Kc2
{[%clk 0:27:02]} Rf2+ {[%clk 0:25:37]} 50. Kc1 {[%clk 0:27:21]} Rf1+
{[%clk 0:25:39]} 51. Kc2 {[%clk 0:27:36]} Rf2+ {[%clk 0:25:45]} 1/2-1/2

[Event "MSR2018s4"]
[Site "?"]
[Date "2018.04.25"]
[Round "7.2"]
[White "Marcinkova, Lydia"]
[Black "Valentova, Sophia"]
[Result "0-1"]
[BlackElo "1000"]
[WhiteElo "1000"]
[LiveChessVersion "1.4.8"]

1. e4 {[%clk 1:30:30]} e5 {[%clk 1:30:30]} 2. Nf3 {[%clk 1:30:30]} Nc6
{[%clk 1:30:49]} 3. Bc4 {[%clk 1:30:45]} Nf6 {[%clk 1:30:41]} 4. O-O
{[%clk 1:30:07]} Nxe4 {[%clk 1:30:39]} 5. d3 {[%clk 1:30:33]} Nf6
{[%clk 1:30:13]} 6. Ng5 {[%clk 1:30:19]} d5 {[%clk 1:28:51]} 7. Nxf7
{[%clk 1:30:20]} Kxf7 {[%clk 1:28:51]} 8. Bb5 {[%clk 1:30:20]} a6
{[%clk 1:28:51]} 9. Bxc6 {[%clk 1:30:20]} bxc6 {[%clk 1:28:51]} 10. Re1
{[%clk 1:30:20]} Qd6 {[%clk 1:28:51]} 11. Bg5 {[%clk 1:30:20]} e4
{[%clk 1:28:51]} 12. Qc1 {[%clk 1:30:01]} h6 {[%clk 1:27:41]} 13. Bf4
{[%clk 1:30:20]} Qd7 {[%clk 1:27:01]} 14. Rd1 {[%clk 1:30:34]} g5 15. Bg3 Qg4
{[%clk 1:25:14]} 16. h3 {[%clk 1:30:27]} Qe2 {[%clk 1:24:45]} 17. Re1
{[%clk 1:30:27]} Qh5 {[%clk 1:24:13]} 18. Bxc7 {[%clk 1:30:23]} Ra7
{[%clk 1:23:48]} 19. Bb6 {[%clk 1:30:04]} Rb7 {[%clk 1:23:59]} 20. Qd1
{[%clk 1:29:53]} Rxb6 {[%clk 1:23:59]} 21. Qxh5+ {[%clk 1:30:06]} Nxh5 22. g4 Nf4
{[%clk 1:23:15]} 23. dxe4 {[%clk 1:30:24]} Nxh3+ 24. Kh2 Nxf2 {[%clk 1:21:48]}
25. Rf1 {[%clk 1:30:46]} Bc5 {[%clk 1:21:07]} 26. Nc3 {[%clk 1:30:34]} Kg6
{[%clk 1:20:44]} 27. Na4 {[%clk 1:31:01]} Rb5 28. Nxc5 Rxc5 {[%clk 1:19:20]} 29.
Rxf2 {[%clk 1:31:12]} Bxg4 {[%clk 1:19:07]} 30. b4 {[%clk 1:31:39]} Rb5
{[%clk 1:19:12]} 31. e5 {[%clk 1:31:29]} Bf5 32. a4 Rxb4 {[%clk 1:18:04]} 33. c3
{[%clk 1:31:57]} Rb3 34. Raf1 Rf8 {[%clk 1:15:17]} 35. e6 {[%clk 1:32:07]} Rf6
{[%clk 1:14:41]} 36. e7 {[%clk 1:32:32]} Rb8 {[%clk 1:15:01]} 37. Re1
{[%clk 1:32:30]} Re6 38. Ref1 Re5 {[%clk 1:11:26]} 39. Kg1 {[%clk 1:32:31]} h5
{[%clk 1:11:10]} 40. e8=Q+ Rbxe8 {[%clk 1:11:10]} 41. Rg2 {[%clk 1:32:00]} Re1
{[%clk 1:10:58]} 42. Rxe1 {[%clk 1:32:04]} Rxe1+ 43. Kf2 Ra1 {[%clk 1:10:29]} 44.
Kf3 {[%clk 1:32:14]} g4+ {[%clk 1:10:28]} 45. Kf4 {[%clk 1:32:34]} Rxa4+
{[%clk 1:09:48]} 46. Ke5 {[%clk 1:31:52]} Re4+ 47. Kd6 Re6+ {[%clk 1:08:26]} 48.
Kc5 {[%clk 1:32:06]} Be4 {[%clk 1:07:44]} 49. Rb2 {[%clk 1:32:34]} Kg5
{[%clk 1:06:53]} 50. Re2 {[%clk 1:32:26]} g3 {[%clk 1:06:49]} 51. Re1
{[%clk 1:31:40]} g2 52. c4 h4 {[%clk 1:04:44]} 53. Rg1 {[%clk 1:29:31]} h3
{[%clk 1:04:38]} 54. Kd4 {[%clk 1:29:12]} h2 {[%clk 1:02:58]} 0-1

[Event "MSR2018s4"]
[Site "?"]
[Date "2018.04.25"]
[Round "7.3"]
[White "Paverova, Barbora"]
[Black "Magdova, Lucia"]
[Result "1-0"]
[BlackElo "1000"]
[WhiteElo "1000"]
[LiveChessVersion "1.4.8"]

1. e4 e5 2. Nf3 {[%clk 1:30:22]} Nc6 {[%clk 1:30:27]} 3. Bc4 Bc5 4. c3
{[%clk 1:28:41]} Nf6 {[%clk 1:30:42]} 5. d4 {[%clk 1:28:32]} exd4
{[%clk 1:30:16]} 6. cxd4 Bxd4 7. Nxd4 {[%clk 1:26:03]} d6 {[%clk 1:30:28]} 8. O-O
{[%clk 1:24:59]} Bg4 {[%clk 1:30:51]} 9. Ne2 Nxe4 10. f3 {[%clk 1:19:21]} Bf5
{[%clk 1:30:38]} 11. Nd4 {[%clk 1:18:42]} Nxd4 {[%clk 1:30:11]} 12. Qxd4
{[%clk 1:17:07]} Qe7 {[%clk 1:30:23]} 13. Re1 {[%clk 1:16:39]} O-O-O
{[%clk 1:30:00]} 14. fxe4 Bxe4 15. Rxe4 Qg5 16. Bxg5 {[%clk 1:14:18]} c5
{[%clk 1:29:59]} 17. Qc3 Rd7 18. Bb5 {[%clk 1:11:03]} Rc7 {[%clk 1:29:53]} 19.
Bf4 Rf8 20. Bxd6 {[%clk 1:07:21]} Rd8 {[%clk 1:29:40]} 21. Bxc7 {[%clk 1:06:53]}
Kxc7 {[%clk 1:30:16]} 22. Qxc5+ {[%clk 1:06:45]} Kb8 {[%clk 1:29:00]} 23. Rd4
{[%clk 1:06:30]} Rc8 {[%clk 1:28:02]} 24. Qb4 {[%clk 1:05:56]} Rc1+ 25. Kf2 Rc2+
{[%clk 1:26:47]} 26. Rd2 {[%clk 1:05:18]} Rc8 {[%clk 1:27:04]} 27. Nc3 Re8 28.
Re2 {[%clk 1:04:04]} Rd8 {[%clk 1:27:01]} 29. Rd1 {[%clk 1:04:01]} Rc8 30. Rde1
f5 {[%clk 1:24:15]} 31. Re8 Rxe8 32. Rxe8+ Kc7 33. Re6 {[%clk 1:00:54]} g5
{[%clk 1:24:23]} 34. Qc4+ Kb8 35. Re8# 1-0

[Event "MSR2018s4"]
[Site "?"]
[Date "2018.04.25"]
[Round "7.4"]
[White "Boba, Kristian"]
[Black "Durovka, Marek"]
[Result "0-1"]
[BlackElo "1000"]
[WhiteElo "1050"]
[LiveChessVersion "1.4.8"]

1. e4 {[%clk 1:30:56]} c5 {[%clk 1:30:49]} 2. Nf3 {[%clk 1:31:12]} d6
{[%clk 1:31:01]} 3. c4 {[%clk 1:31:08]} Nf6 {[%clk 1:30:21]} 4. d3
{[%clk 1:31:26]} g6 {[%clk 1:30:17]} 5. g3 {[%clk 1:31:18]} Bg7 {[%clk 1:30:29]}
6. Nc3 {[%clk 1:31:28]} O-O {[%clk 1:30:17]} 7. Bg2 {[%clk 1:31:48]} Nc6
{[%clk 1:29:36]} 8. O-O {[%clk 1:31:55]} Bd7 {[%clk 1:28:42]} 9. b3
{[%clk 1:31:53]} Ne8 {[%clk 1:26:46]} 10. Bb2 {[%clk 1:30:38]} Nc7
{[%clk 1:24:40]} 11. Qe2 {[%clk 1:29:15]} Ne6 {[%clk 1:22:12]} 12. Rfe1
{[%clk 1:23:37]} Ned4 {[%clk 1:21:04]} 13. Qd1 {[%clk 1:22:56]} Bg4
{[%clk 1:18:11]} 14. Rb1 {[%clk 1:19:11]} Ne5 {[%clk 1:17:15]} 15. Re3
{[%clk 1:18:33]} Bh6 {[%clk 1:17:35]} 16. Nd5 {[%clk 1:14:22]} Bxe3
{[%clk 1:17:16]} 17. Nxe3 {[%clk 1:14:10]} Nexf3+ {[%clk 1:17:03]} 18. Bxf3
{[%clk 1:12:49]} Nxf3+ {[%clk 1:15:56]} 19. Kh1 {[%clk 1:11:33]} Qd7
{[%clk 1:05:06]} 20. Qc2 {[%clk 1:08:44]} Nd4 {[%clk 1:04:47]} 21. Bxd4
{[%clk 1:08:50]} Bf3+ {[%clk 1:04:56]} 22. Kg1 {[%clk 1:09:05]} cxd4
{[%clk 1:05:00]} 23. Ng2 {[%clk 1:08:09]} Qh3 {[%clk 1:02:54]} 24. Kf1
{[%clk 1:07:32]} Qxg2+ {[%clk 1:03:09]} 25. Ke1 {[%clk 1:07:43]} Qg1+
{[%clk 1:02:38]} 26. Kd2 {[%clk 1:07:46]} Qxf2+ {[%clk 1:02:48]} 27. Kc1
{[%clk 1:08:03]} Qxc2+ {[%clk 1:02:15]} 28. Kxc2 {[%clk 1:08:21]} Rac8
{[%clk 1:02:04]} 29. Rf1 {[%clk 1:08:22]} Bg4 {[%clk 1:02:05]} 30. Kd2
{[%clk 1:08:29]} e6 {[%clk 1:01:59]} 31. Ke1 {[%clk 1:08:06]} d5 {[%clk 1:01:32]}
32. exd5 {[%clk 1:08:04]} exd5 {[%clk 1:01:41]} 33. cxd5 {[%clk 1:08:24]} Rc1+
{[%clk 1:01:58]} 34. Kf2 {[%clk 1:08:41]} Rfc8 {[%clk 1:02:08]} 35. a4
{[%clk 1:08:11]} R8c2+ {[%clk 1:02:08]} 36. Kg1 {[%clk 1:08:30]} Bh3
{[%clk 1:02:13]} 37. Rxc1 {[%clk 1:08:48]} Rxc1+ {[%clk 1:02:38]} 38. Kf2
{[%clk 1:08:59]} Kf8 {[%clk 1:02:36]} 39. Ke2 {[%clk 1:09:17]} Rc3
{[%clk 1:02:36]} 40. b4 {[%clk 1:09:35]} Ra3 {[%clk 1:02:30]} 41. a5
{[%clk 1:09:55]} Rb3 {[%clk 1:02:30]} 42. Kd2 {[%clk 1:10:01]} Rxb4
{[%clk 1:02:38]} 43. Kc2 {[%clk 1:10:16]} Rb5 {[%clk 1:02:46]} 44. d6
{[%clk 1:10:23]} Rxa5 {[%clk 1:03:01]} 45. Kb3 {[%clk 1:10:30]} Ke8
{[%clk 1:02:56]} 46. Kc4 {[%clk 1:10:47]} Kd7 {[%clk 1:03:12]} 47. Kxd4
{[%clk 1:10:37]} Kxd6 {[%clk 1:03:19]} 48. Ke4 {[%clk 1:10:56]} Bf5+
{[%clk 1:03:25]} 49. Ke3 {[%clk 1:11:05]} Ra3 {[%clk 1:03:27]} 50. Kd2
{[%clk 1:11:19]} Rxd3+ {[%clk 1:03:42]} 51. Ke2 {[%clk 1:11:35]} Ke5
{[%clk 1:03:58]} 52. Kf2 {[%clk 1:11:34]} Bh3 {[%clk 1:03:54]} 53. Ke2
{[%clk 1:11:49]} Ke4 {[%clk 1:04:17]} 54. Kf2 {[%clk 1:12:06]} Rd2+
{[%clk 1:04:21]} 55. Ke1 {[%clk 1:12:28]} Ra2 {[%clk 1:04:25]} 56. Kd1
{[%clk 1:12:39]} Kd3 {[%clk 1:03:17]} 57. Kc1 {[%clk 1:12:39]} Be6
{[%clk 1:03:17]} 58. Kb1 {[%clk 1:12:39]} Kc3 {[%clk 1:03:17]} 59. h4
{[%clk 1:12:39]} Re2 {[%clk 1:03:17]} 60. g4 {[%clk 1:12:39]} Ba2+
{[%clk 1:03:17]} 61. Ka1 {[%clk 1:12:39]} Kb3 {[%clk 1:02:12]} 62. g5
{[%clk 1:13:24]} Re1# 0-1

[Event "MSR2018s4"]
[Site "?"]
[Date "2018.04.25"]
[Round "7.5"]
[White "Banas, Samuel"]
[Black "Strapec, Lukas"]
[Result "0-1"]
[BlackElo "1201"]
[WhiteElo "1063"]
[LiveChessVersion "1.4.8"]

1. d4 {[%clk 1:30:49]} Nf6 {[%clk 1:30:31]} 2. Nf3 {[%clk 1:30:49]} e6
{[%clk 1:30:11]} 3. Bf4 {[%clk 1:30:58]} c5 {[%clk 1:29:58]} 4. e3
{[%clk 1:30:31]} Nc6 {[%clk 1:28:52]} 5. c3 {[%clk 1:30:37]} d5 {[%clk 1:22:37]}
6. Bd3 {[%clk 1:30:34]} Nh5 {[%clk 1:14:30]} 7. O-O {[%clk 1:29:27]} Nxf4
{[%clk 1:12:01]} 8. exf4 {[%clk 1:29:08]} Bd6 {[%clk 1:05:34]} 9. Ne5
{[%clk 1:29:17]} O-O {[%clk 0:58:16]} 10. Nd2 {[%clk 1:28:59]} Qb6
{[%clk 0:53:44]} 11. Qh5 {[%clk 1:26:17]} h6 {[%clk 0:50:07]} 12. Rab1
{[%clk 1:24:47]} cxd4 {[%clk 0:47:28]} 13. cxd4 {[%clk 1:23:35]} Qxd4
{[%clk 0:45:51]} 14. g3 {[%clk 1:22:10]} Bxe5 {[%clk 0:45:00]} 15. fxe5
{[%clk 1:21:05]} Qxd3 {[%clk 0:44:25]} 16. Rfd1 {[%clk 1:21:24]} Qg6
{[%clk 0:44:02]} 17. Qf3 {[%clk 1:20:12]} Nxe5 {[%clk 0:43:11]} 18. Qc3
{[%clk 1:20:07]} Nc6 19. Kg2 {[%clk 1:19:02]} Bd7 {[%clk 0:40:06]} 20. b4
{[%clk 1:17:56]} Rac8 {[%clk 0:39:27]} 21. Qe3 {[%clk 1:17:54]} d4
{[%clk 0:38:23]} 22. Qf4 {[%clk 1:17:58]} e5 {[%clk 0:36:51]} 23. Qh4
{[%clk 1:17:09]} Qg4 {[%clk 0:34:15]} 24. Qxg4 {[%clk 1:16:19]} Bxg4
{[%clk 0:34:32]} 25. Rdc1 {[%clk 1:16:26]} Bf5 {[%clk 0:32:17]} 26. Ra1
{[%clk 1:09:19]} Nxb4 {[%clk 0:32:10]} 27. Kf3 {[%clk 1:00:13]} Rc3+
{[%clk 0:29:54]} 28. Ke2 {[%clk 1:00:00]} Rfc8 {[%clk 0:29:27]} 29. Nb3
{[%clk 1:00:18]} Bg4+ {[%clk 0:28:43]} 30. Kd2 {[%clk 1:00:12]} Rxc1
{[%clk 0:28:00]} 31. Rxc1 0-1

[Event "MSR2018s4"]
[Site "?"]
[Date "2018.04.25"]
[Round "7.6"]
[White "Dolnik, Michal"]
[Black "Hudak, Michal"]
[Result "0-1"]
[BlackElo "1031"]
[WhiteElo "1095"]
[LiveChessVersion "1.4.8"]

1. e4 {[%clk 1:30:52]} c5 {[%clk 1:28:17]} 2. Nf3 {[%clk 1:30:55]} Nc6
{[%clk 1:27:38]} 3. d4 {[%clk 1:31:11]} cxd4 {[%clk 1:26:15]} 4. Nxd4
{[%clk 1:31:21]} g6 {[%clk 1:26:12]} 5. c4 {[%clk 1:25:12]} Bg7 {[%clk 1:25:15]}
6. Be3 {[%clk 1:25:21]} Nf6 {[%clk 1:22:14]} 7. Nc3 {[%clk 1:25:34]} O-O
{[%clk 1:21:55]} 8. Be2 {[%clk 1:24:54]} d6 {[%clk 1:19:50]} 9. O-O
{[%clk 1:24:19]} Rb8 {[%clk 1:18:32]} 10. Rc1 {[%clk 0:59:47]} a6
{[%clk 1:16:12]} 11. h3 {[%clk 0:37:48]} Bd7 {[%clk 1:14:53]} 12. Qd2
{[%clk 0:36:41]} Ne8 {[%clk 1:13:01]} 13. Nd5 f5 {[%clk 1:13:01]} 14. exf5 Nxd4
{[%clk 1:13:01]} 15. Bxd4 Bxf5 {[%clk 1:13:01]} 16. Bxg7 Nxg7 {[%clk 1:13:01]}
17. Qe3 e5 {[%clk 1:13:01]} 18. Bd3 {[%clk 0:06:19]} Be6 {[%clk 1:09:00]} 19. f4
{[%clk 0:04:44]} Nf5 {[%clk 1:08:10]} 20. Qd2 {[%clk 0:04:18]} Bxd5
{[%clk 1:08:02]} 21. cxd5 {[%clk 0:04:32]} Qh4 {[%clk 1:07:20]} 22. Qf2
{[%clk 0:02:53]} Ng3 {[%clk 1:06:49]} 23. Rc4 {[%clk 0:01:28]} g5
{[%clk 1:06:00]} 24. Re1 {[%clk 0:01:25]} gxf4 {[%clk 1:06:02]} 0-1

[Event "MSR2018s4"]
[Site "?"]
[Date "2018.04.25"]
[Round "7.7"]
[White "Meszaros, Casey Ryan"]
[Black "Gobl, Fabian"]
[Result "1-0"]
[BlackElo "1118"]
[WhiteElo "1000"]
[LiveChessVersion "1.4.8"]

1. e4 {[%clk 1:29:20]} e5 {[%clk 1:30:51]} 2. Nf3 {[%clk 1:29:38]} Nf6
{[%clk 1:31:05]} 3. Nxe5 {[%clk 1:29:56]} d6 {[%clk 1:31:10]} 4. Nf3
{[%clk 1:30:14]} Nxe4 {[%clk 1:31:25]} 5. d3 {[%clk 1:30:27]} Nf6
{[%clk 1:31:01]} 6. Qe2+ {[%clk 1:30:27]} Qe7 {[%clk 1:31:14]} 7. Qxe7+
{[%clk 1:30:27]} Bxe7 {[%clk 1:31:26]} 8. Be2 {[%clk 1:30:52]} O-O
{[%clk 1:31:38]} 9. O-O {[%clk 1:31:17]} Nfd7 {[%clk 1:31:34]} 10. Nc3
{[%clk 1:31:09]} Nb6 {[%clk 1:31:24]} 11. Re1 {[%clk 1:29:58]} Nc6
{[%clk 1:31:35]} 12. a3 {[%clk 1:28:00]} Be6 {[%clk 1:29:15]} 13. Bf4
{[%clk 1:24:44]} Rfc8 {[%clk 1:29:00]} 14. Rad1 {[%clk 1:24:11]} d5
{[%clk 1:26:20]} 15. Nb5 {[%clk 1:22:48]} a6 {[%clk 1:24:25]} 16. Nxc7
{[%clk 1:21:03]} Rab8 {[%clk 1:22:52]} 17. Nxe6 {[%clk 1:20:48]} fxe6
{[%clk 1:23:00]} 18. Bxb8 {[%clk 1:21:08]} Rxb8 {[%clk 1:22:53]} 19. Bf1
{[%clk 1:20:24]} Kf7 {[%clk 1:21:51]} 20. g3 {[%clk 1:19:59]} Bd6
{[%clk 1:21:13]} 21. Bh3 {[%clk 1:19:10]} Re8 {[%clk 1:20:12]} 22. Ng5+
{[%clk 1:18:44]} Kg6 {[%clk 1:17:49]} 23. Rxe6+ {[%clk 1:18:13]} Rxe6
{[%clk 1:17:35]} 24. Nxe6 {[%clk 1:18:23]} Kf7 {[%clk 1:15:22]} 25. Ng5+
{[%clk 1:16:38]} Kg8 {[%clk 1:15:25]} 26. Re1 {[%clk 1:16:21]} Be7
{[%clk 1:15:09]} 27. Be6+ {[%clk 1:15:26]} Kf8 {[%clk 1:14:32]} 28. Nxh7+
{[%clk 1:16:32]} Ke8 {[%clk 1:13:17]} 29. Bf5 {[%clk 1:14:50]} Kf7
{[%clk 1:13:00]} 30. Kg2 {[%clk 1:13:27]} g6 {[%clk 1:12:40]} 31. Be6+
{[%clk 1:13:15]} Kg7 {[%clk 1:12:16]} 32. Ng5 {[%clk 1:12:39]} Bxg5
{[%clk 1:12:18]} 33. f4 {[%clk 1:12:51]} Bf6 {[%clk 1:12:19]} 34. b3
{[%clk 1:09:52]} Nd8 {[%clk 1:12:12]} 35. Bh3 {[%clk 1:07:23]} d4
{[%clk 1:06:35]} 1-0

[Event "MSR2018s4"]
[Site "?"]
[Date "2018.04.25"]
[Round "7.9"]
[White "Zvoda, Matej"]
[Black "Elias, Simon"]
[Result "1-0"]
[BlackElo "1036"]
[WhiteElo "1000"]
[LiveChessVersion "1.4.8"]

1. e4 {[%clk 1:30:56]} e5 {[%clk 1:30:47]} 2. Nf3 {[%clk 1:31:11]} Nc6
{[%clk 1:30:51]} 3. Nc3 {[%clk 1:31:24]} Nf6 {[%clk 1:31:02]} 4. Bc4
{[%clk 1:31:16]} Bc5 {[%clk 1:31:12]} 5. d3 {[%clk 1:31:05]} h6 {[%clk 1:30:30]}
6. O-O {[%clk 1:30:46]} d6 {[%clk 1:30:27]} 7. Bd2 {[%clk 1:30:22]} Bg4
{[%clk 1:29:23]} 8. Qe2 {[%clk 1:27:39]} Nd4 {[%clk 1:26:44]} 9. Qd1
{[%clk 1:25:41]} O-O {[%clk 1:25:34]} 10. h3 {[%clk 1:24:52]} Bh5
{[%clk 1:25:48]} 11. g4 {[%clk 1:13:40]} Bg6 {[%clk 1:25:29]} 12. Nd5
{[%clk 1:11:31]} c6 {[%clk 1:25:34]} 13. g5 {[%clk 1:07:36]} Nxf3+
{[%clk 1:23:30]} 14. Qxf3 {[%clk 1:06:56]} hxg5 {[%clk 1:21:22]} 15. Bxg5
{[%clk 1:05:05]} cxd5 {[%clk 1:21:07]} 16. Bxd5 {[%clk 1:04:38]} Bh5
{[%clk 1:19:41]} 17. Qg3 {[%clk 1:03:40]} Bd4 {[%clk 1:18:30]} 18. Bh6
{[%clk 1:03:24]} Bg6 {[%clk 1:16:52]} 19. Qxg6 {[%clk 1:02:28]} Nh5
{[%clk 1:16:26]} 20. Qxh5 {[%clk 1:01:07]} gxh6 {[%clk 1:16:29]} 21. Qg6+
{[%clk 1:00:31]} Kh8 {[%clk 1:16:29]} 22. Qxh6+ {[%clk 0:59:14]} Kg8
{[%clk 1:16:45]} 23. Kh1 {[%clk 0:59:05]} Qg5 {[%clk 1:13:39]} 24. Rg1
{[%clk 0:58:47]} Qxg1+ 25. Rxg1# 1-0

[Event "MSR2018s4"]
[Site "?"]
[Date "2018.04.25"]
[Round "7.10"]
[White "Sokolsky, David"]
[Black "Kulich, Filip"]
[Result "0-1"]
[BlackElo "1000"]
[WhiteElo "1000"]
[LiveChessVersion "1.4.8"]

1. e4 {[%clk 1:30:58]} e5 {[%clk 1:20:58]} 2. Bc4 {[%clk 1:31:16]} Nf6
{[%clk 1:21:19]} 3. Nc3 {[%clk 1:31:37]} Nc6 {[%clk 1:21:46]} 4. Nf3
{[%clk 1:31:51]} Bc5 {[%clk 1:22:12]} 5. Ng5 {[%clk 1:32:05]} O-O
{[%clk 1:22:37]} 6. O-O {[%clk 1:31:52]} d6 {[%clk 1:22:59]} 7. Bd3
{[%clk 1:31:27]} Ng4 8. Qe1 {[%clk 1:29:46]} Qxg5 {[%clk 1:23:23]} 9. h3
{[%clk 1:29:43]} Nf6 {[%clk 1:23:23]} 10. Nb5 {[%clk 1:29:25]} Nh5
{[%clk 1:25:25]} 11. Nxc7 {[%clk 1:28:47]} Nf4 {[%clk 1:25:48]} 12. g3
{[%clk 1:29:06]} Rb8 {[%clk 1:25:57]} 13. a3 {[%clk 1:29:03]} Nxh3+
{[%clk 1:26:00]} 14. Kh2 {[%clk 1:29:22]} Qh5 {[%clk 1:25:58]} 15. Kg2
{[%clk 1:29:14]} Nf4+ {[%clk 1:26:20]} 16. gxf4 Bh3+ 17. Kg1 {[%clk 1:28:12]}
Qg4+ {[%clk 1:26:47]} 18. Kh1 {[%clk 1:28:18]} Qg2# 0-1

[Event "MSR2018s4"]
[Site "?"]
[Date "2018.04.25"]
[Round "7.12"]
[White "Sun, Martin"]
[Black "Kriska, Alexander"]
[Result "1-0"]
[BlackElo "1000"]
[WhiteElo "1000"]
[LiveChessVersion "1.4.8"]

1. e4 {[%clk 1:30:58]} e5 {[%clk 1:30:49]} 2. Nf3 {[%clk 1:31:11]} Nf6
{[%clk 1:30:56]} 3. Nxe5 {[%clk 1:31:21]} d6 {[%clk 1:30:39]} 4. Nf3
{[%clk 1:30:42]} Nxe4 {[%clk 1:30:50]} 5. Qe2 {[%clk 1:30:43]} Qe7
{[%clk 1:30:57]} 6. g3 {[%clk 1:29:28]} Bg4 {[%clk 1:30:00]} 7. Bg2
{[%clk 1:29:13]} Nf6 {[%clk 1:29:50]} 8. Qxe7+ {[%clk 1:28:17]} Bxe7
{[%clk 1:29:50]} 9. O-O {[%clk 1:28:30]} Nc6 {[%clk 1:27:59]} 10. d3
{[%clk 1:28:36]} h6 {[%clk 1:27:03]} 11. Nc3 {[%clk 1:27:26]} O-O-O
{[%clk 1:27:11]} 12. Be3 {[%clk 1:27:19]} Rhe8 {[%clk 1:24:13]} 13. Nh4
{[%clk 1:21:35]} b6 {[%clk 1:22:06]} 14. Bxc6 {[%clk 1:19:40]} Rf8 15. Bd4
{[%clk 1:18:41]} g5 {[%clk 1:19:42]} 16. Bxf6 {[%clk 1:18:33]} Bxf6
{[%clk 1:19:52]} 17. Ng2 {[%clk 1:15:38]} Bh3 {[%clk 1:16:13]} 18. Ne4
{[%clk 1:14:14]} Bxg2 19. Kxg2 {[%clk 1:13:07]} Be5 {[%clk 1:12:45]} 20. Rab1
{[%clk 1:09:53]} f5 {[%clk 1:11:04]} 21. Nd2 {[%clk 1:08:19]} a6 {[%clk 1:09:40]}
22. b4 {[%clk 1:07:42]} a5 {[%clk 1:09:31]} 23. bxa5 {[%clk 1:07:47]} bxa5 24.
Rb5 {[%clk 1:03:09]} Bc3 {[%clk 1:08:54]} 25. Rfb1 {[%clk 1:01:00]} Bxd2 26. Rb8#
1-0

[Event "MSR2018s4"]
[Site "?"]
[Date "2018.04.25"]
[Round "7.14"]
[White "Knapova, Nicol"]
[Black "Novomeska, Karin"]
[Result "0-1"]
[BlackElo "1217"]
[WhiteElo "1000"]
[LiveChessVersion "1.4.8"]

1. e4 {[%clk 1:30:57]} c6 {[%clk 1:30:55]} 2. d4 {[%clk 1:31:04]} d5
{[%clk 1:31:18]} 3. Nc3 {[%clk 1:31:09]} dxe4 {[%clk 1:26:20]} 4. Nxe4
{[%clk 1:31:16]} Bf5 {[%clk 1:24:47]} 5. Nc5 {[%clk 1:29:50]} b6 {[%clk 1:23:15]}
6. Nb3 {[%clk 1:29:45]} Nf6 {[%clk 1:21:49]} 7. Bf4 {[%clk 1:29:00]} e6
{[%clk 1:19:52]} 8. Nf3 {[%clk 1:29:05]} Bd6 {[%clk 1:17:31]} 9. Bg3
{[%clk 1:28:57]} Bxg3 {[%clk 1:16:37]} 10. fxg3 {[%clk 1:29:04]} O-O
{[%clk 1:12:50]} 11. Bd3 {[%clk 1:27:22]} Re8 {[%clk 1:11:33]} 12. O-O
{[%clk 1:27:15]} Nbd7 {[%clk 1:09:34]} 13. Bxf5 {[%clk 1:26:39]} exf5
{[%clk 1:09:33]} 14. Re1 {[%clk 1:26:43]} Rxe1+ {[%clk 1:08:16]} 15. Qxe1
{[%clk 1:27:02]} c5 {[%clk 1:07:24]} 16. dxc5 {[%clk 1:26:07]} bxc5 17. Rd1
{[%clk 1:26:00]} Qb6 {[%clk 1:06:11]} 18. c4 {[%clk 1:24:53]} Re8
{[%clk 1:03:43]} 19. Qa5 {[%clk 1:24:05]} Qxa5 {[%clk 1:03:46]} 20. Nxa5
{[%clk 1:24:02]} Re2 {[%clk 1:03:16]} 21. Nc6 {[%clk 1:23:21]} g6
{[%clk 0:58:52]} 22. a3 {[%clk 1:18:58]} Rxb2 {[%clk 0:54:57]} 23. Nxa7
{[%clk 1:19:02]} Rc2 {[%clk 0:54:40]} 24. Nd2 {[%clk 1:19:10]} Ne5
{[%clk 0:53:46]} 25. h3 {[%clk 1:16:01]} Nxc4 {[%clk 0:53:46]} 26. Nxc4
{[%clk 1:16:01]} Rxc4 {[%clk 0:53:46]} 27. Ra1 {[%clk 1:16:01]} Ne4
{[%clk 0:53:46]} 28. Kh2 {[%clk 1:16:01]} Rc3 {[%clk 0:53:46]} 29. g4
{[%clk 1:16:01]} fxg4 {[%clk 0:53:46]} 30. hxg4 {[%clk 1:16:01]} Rg3
{[%clk 0:53:46]} 31. a4 {[%clk 1:14:50]} c4 {[%clk 0:54:31]} 32. Nb5
{[%clk 1:14:04]} c3 {[%clk 0:54:44]} 33. Nxc3 {[%clk 1:13:27]} Rxc3
{[%clk 0:55:06]} 34. a5 {[%clk 1:13:48]} Rc8 {[%clk 0:55:29]} 35. a6
{[%clk 1:13:39]} Ra8 {[%clk 0:55:03]} 36. a7 {[%clk 1:13:54]} Kg7
{[%clk 0:55:03]} 37. g3 {[%clk 1:14:06]} Kh6 {[%clk 0:55:07]} 38. Kg2
{[%clk 1:14:15]} Kg5 {[%clk 0:54:52]} 39. Kf3 {[%clk 1:14:38]} f5
{[%clk 0:54:04]} 40. gxf5 {[%clk 1:14:40]} gxf5 {[%clk 0:54:05]} 41. Ra5
{[%clk 1:13:49]} Nd2+ {[%clk 0:54:09]} 42. Ke3 {[%clk 1:13:49]} Nc4+
{[%clk 0:54:36]} 43. Kf3 {[%clk 1:13:39]} Nxa5 {[%clk 0:54:58]} 0-1